000 00521nam a2200181Ia 4500
003 GCL
008 140319s9999 xx 000 0 eng d
040 _aGCL /
_cGCL
082 0 4 _a792.0942
_bW T
245 1 0 _aTHEATRE AND REFORMATION:PRATESTANTION,PATRONGE AND PIAYING IN TUDOR ENGLAD
260 _a[S.N] :
_bCAMBRIBGE UNIVERSITY PRESS ،
_c1993
300 _a268P
650 0 4 _aTHEATER
650 0 4 _aENGLAND - THEATER, HISTORY 16TH
650 0 4 _aTHEATER - RELIGION
650 0 4 _aDRAMA - RELIGION
942 _2ddc
_cBK
999 _c11401
_d11401